000 01017nam a22002295i 4500
001 165855
003 ES-MaACL
005 20251009155121.0
008 960705s1878 sp |||| | spa d
040 _aCYL
_bspa
_cCYL
100 1 _aSuárez de Peralta, Juan.
_9108608
245 1 0 _aNoticias históricas de la nueva España /
_cpublicadas con la proteccion del Ministerio de Fomento por Justo Zaragoza.
260 _aMadrid :
_b[s.n.],
_c1878 (
_fImprenta de Manuel G. Hernandez)
300 _aXXIV, 392 p., [1] h. ;
_c29 cm.
500 1 _aEncabezamiento tomado de Palau, XXII, p. 254.
594 1 _aEn preliminares figura el verdadero título del libro : "Tratado del descubrimiento de las Indias y su conquista, ... compuesto por Joan Suarez de Peralta ..."
700 1 _aZaragoza, Justo,
_d1833-1896
_eed. lit.
_9224272
700 1 1 _aHernández, Manuel Ginés,
_d1839-1892
_eimp.
_9127890
752 _aEspaña -
_dMadrid
852 _aES-MaACL
_jB-11593
_z-- Enc. hol.
999 _c165855
_d165855